| 000 | 01040cam a22002415a 4500 | ||
|---|---|---|---|
| 001 | L143334 | ||
| 008 | 080428s2007 xxko f 000 0 eng d | ||
| 020 | _a9780749445478 | ||
| 035 | _a(Sirsi) u143334 | ||
| 041 | 0 | _aeng | |
| 050 | 0 | 4 | _a658 $2 18 |
| 100 | 1 | _aBarker, Alan | |
| 245 | 0 | 0 | _aHow to manage meetings |
| 260 |
_aLondon _bKogan Page _c2007 |
||
| 300 |
_avi, 147p. _bill. _c22cm. |
||
| 350 | _a8.49 | ||
| 505 | 2 | _aWhat is a meeting? -- How groups work -- Preparing for the meeting -- What's on the agenda? -- Chairing the meeting -- Conversation: the heart of the meeting -- Participating well -- Problem solving in meetings -- After the meeting -- Different meetings and how to run them | |
| 520 | _aDiscusses the benefits of effective meetings and offers suggestions for how to run them - ranging from participation to follow-up actions. Aimed at those looking to get improved results from their meetings. | ||
| 521 | _aAdvanced | ||
| 651 | 4 | _aInternational | |
| 690 | _aMANAGEMENT-BUSINESS MANAGEMENT | ||
| 942 | _n0 | ||
| 999 |
_c108121 _d108121 |
||